Humor na pracovišti

Spontánny humor ako významná forma podpory zamestnancov i vedúcich pri zvládaní zmien. Humor hrá dôležitú rolu ako alternatívny kanál komunikácie a tiež ako kľúč k správnej identifikácii blokujúcich organizačných faktorov.

Salvato in:
Dettagli Bibliografici
Natura: Capitolo di libro
Lingua:ceco
Soggetti:
Tags: Aggiungi Tag
Nessun Tag, puoi essere il primo ad aggiungerne!!

MARC

LEADER 00000naa a2200000 4500
001 r026286
005 20230922084520.5
041 0 |a cze 
044 |a CZ 
245 1 0 |a Humor na pracovišti 
520 |a Spontánny humor ako významná forma podpory zamestnancov i vedúcich pri zvládaní zmien. Humor hrá dôležitú rolu ako alternatívny kanál komunikácie a tiež ako kľúč k správnej identifikácii blokujúcich organizačných faktorov. 
610 2 0 |a humor 
610 2 0 |a komunikácia 
610 2 0 |a zamestnanci 
610 2 0 |a pracovníci vedúci